000 01317nam0a22002891 4500
001 RU\INFOCOMM_327\NLR\5000025233
005 20250613110343.0
035 _a(NLR Aleph) 009559254
090 _a9058044
_c9058044
100 _a20130211d1936 |||y0rusy50 ca
101 0 _ager
102 _aRU
105 _ac z |||||
200 1 _aÜber das Projekt der Konstitution der UdSSR
_eBericht auf dem Ausserordentlichen X. Sowjetkongress der ASSR der Wolgadeutschen, stattgefunden vom 15. bis 19. Nov. 1936
_fH. A. Luft ...
210 _aEngels
_cDeutscher Staatsverl.
_d1936
215 _a52 с.; 1 л. портр.
_cпортр.
_d19 см
300 _aНа 4-й с. обл.: Речь председателя ЦИК и СНК АССРНП тов. Г. А. Люфт на Чрезвычайном X-ом съезде Советов Немреспублики
604 _150010$aКонституция$n1936$jПроекты$xВсенародное обсуждение$2PSBO
_171001$aСССР$4070$2nlr_sh1
620 _aЭнгельс
686 _aП5С1-10Проект Конституции
_2rubbk
700 1 _9z01790
_aLuft
_bH.
_gHeinrich
790 1 _9z01700
_aLuft
_bH. A.
_4070
801 1 _aRU
_bInfocomm
_c20130211
801 0 _aRU
_bINFOCOMM
_gPSBO
852 _aNLR
_jD10/773
_y2 экз.
942 _cBOOK
980 _aNB